[Event "Polanica Zdroj op-E 46th"]
[Site "Polanica Zdroj"]
[Date "2010.08.25"]
[Round "7"]
[White "Solek, Zenon"]
[Black "Gigon, Stanislaw"]
[Result "1/2-1/2"]
[WhiteElo "1878"]
[BlackElo "1904"]
[PlyCount "74"]
[EventDate "2010.08.19"]
[EventType "swiss"]
[EventRounds "10"]
[EventCountry "POL"]
[SourceTitle "CBM 138 Extra"]
[Source "ChessBase"]
[SourceDate "2010.10.29"]
[SourceVersion "1"]
[SourceVersionDate "2010.10.29"]
[SourceQuality "1"]

1. e4 c5 2. Nf3 Nc6 3. d4 cxd4 4. Nxd4 Nf6 5. Nc3 g6 6. Be3 Bg7 7. Be2 d6 8. 0-0 0-0 9. Qd2 Ng4 10. Bxg4 Bxg4 11. f4 Bd7 12. Rad1 Nxd4 13. Bxd4 Bc6 14. Qf2 Qa5 15. f5 Bxd4 16. Qxd4 Qc5 17. b4 Qxd4+ 18. Rxd4 Rfc8 19. f6 exf6 20. Rxf6 Be8 21. Rd3 Rc4 22. Rfxd6 Rxb4 23. Kf2 Bc6 24. Ke3 Re8 25. Rd8 Rxd8 26. Rxd8+ Kg7 27. g3 h5 28. h4 Rc4 29. Kd3 Rc5 30. Kd4 Ra5 31. Rc8 Ba4 32. Nd5 Bc6 33. Nc3 f6 34. Rc7+ Kf8 35. Nd5 f5 36. Rc8+ Kf7 37. Rc7+ Kf8 1/2-1/2

[Event "Wisla op"]
[Site "Wisla"]
[Date "2009.05.10"]
[Round "9"]
[White "Gigon, Stanislaw"]
[Black "Flazinski, Jozef"]
[Result "0-1"]
[WhiteElo "1940"]
[BlackElo "2009"]
[PlyCount "86"]
[EventDate "2009.05.04"]
[EventType "swiss"]
[EventRounds "11"]
[EventCountry "POL"]
[SourceTitle "EXT 2012"]
[Source "ChessBase"]
[SourceDate "2011.11.24"]
[SourceVersion "1"]
[SourceVersionDate "2011.11.24"]
[SourceQuality "1"]

1. e4 c5 2. Nc3 Nc6 3. Nge2 e6 4. g3 g6 5. Bg2 Bg7 6. d3 Nge7 7. Be3 d6 8. 0-0 0-0 9. Rb1 Ne5 10. h3 b6 11. f4 N5c6 12. g4 f5 13. Ng3 Bb7 14. Nce2 Rb8 15. c3 Kh8 16. Qa4 d5 17. e5 d4 18. cxd4 Nd5 19. Bxd5 Qxd5 20. Qc4 Nxd4 21. Qxd5 Nxe2+ 22. Nxe2 Bxd5 23. Nc3 Rfd8 24. b4 cxb4 25. Rxb4 Bb7 26. d4 Bf8 27. Rb2 Rbc8 28. Ne2 Ba3 29. Rb3 Be7 30. Rc1 fxg4 31. hxg4 Bf3 32. Kf2 Bxg4 33. Rbc3 Rxc3 34. Rxc3 Rd7 35. Rc8+ Kg7 36. Nc3 a5 37. d5 exd5 38. Bxb6 d4 39. Ne4 d3 40. Ke3 d2 41. Nxd2 Rxd2 42. Rc7 Rd7 43. Rxd7 Bxd7 0-1

[Event "Wisla op"]
[Site "Wisla"]
[Date "2009.05.08"]
[Round "6"]
[White "Kozlowski, Tomasz"]
[Black "Gigon, Stanislaw"]
[Result "1/2-1/2"]
[WhiteElo "2007"]
[BlackElo "1940"]
[PlyCount "60"]
[EventDate "2009.05.04"]
[EventType "swiss"]
[EventRounds "11"]
[EventCountry "POL"]
[SourceTitle "EXT 2012"]
[Source "ChessBase"]
[SourceDate "2011.11.24"]
[SourceVersion "1"]
[SourceVersionDate "2011.11.24"]
[SourceQuality "1"]

1. e4 e5 2. Nf3 Nc6 3. Bc4 Bc5 4. 0-0 Nf6 5. d3 0-0 6. Bg5 h6 7. Bh4 g5 8. Bg3 d6 9. c3 Bg4 10. Nbd2 a6 11. b4 Ba7 12. a4 d5 13. exd5 Nxd5 14. Qb3 Nf4 15. Bxf4 exf4 16. d4 Qd7 17. Rae1 Rae8 18. Rxe8 Rxe8 19. Qa2 Kg7 20. b5 Na5 21. Bd3 Be6 22. Qb2 axb5 23. axb5 f6 24. Qb4 b6 25. Qb1 Qf7 26. Qb4 Qe7 27. Qb1 Qf7 28. Qb4 Qh5 29. d5 Bxd5 30. Nd4 Be6 1/2-1/2

[Event "POL-ch disabled"]
[Site "Chotowa"]
[Date "2007.05.30"]
[Round "7.9"]
[White "Czaja, Jacek"]
[Black "Gigon, Stanislaw"]
[Result "1-0"]
[WhiteElo "1780"]
[BlackElo "2014"]
[PlyCount "53"]
[EventDate "2007.05.26"]
[EventType "swiss"]
[EventRounds "9"]
[EventCountry "POL"]
[SourceTitle "EXT 2023"]
[Source "ChessBase"]
[SourceDate "2022.10.05"]
[SourceVersion "1"]
[SourceVersionDate "2022.10.05"]
[SourceQuality "1"]

1. c4 c5 2. Nf3 Nc6 3. Nc3 e5 4. g3 g6 5. Bg2 Bg7 6. 0-0 Nge7 7. Ne1 d6 8. Nc2 0-0 9. Ne3 Be6 10. a3 Rb8 11. Rb1 a5 12. d3 Nd4 13. b4 b6 14. Ned5 Bxd5 15. Nxd5 h6 16. Bd2 axb4 17. axb4 Kh7 18. e3 Ne6 19. bxc5 Nxd5 20. cxd5 Nxc5 21. Bc3 Ra8 22. d4 exd4 23. Bxd4 Bxd4 24. Qxd4 Qc7 25. Rfc1 Ra4 26. Qxa4 Rb8 27. Qc6 1-0

[Event "POL-ch disabled"]
[Site "Chotowa"]
[Date "2007.05.30"]
[Round "8.12"]
[White "Gigon, Stanislaw"]
[Black "Szelag, Jozef"]
[Result "1-0"]
[WhiteElo "2014"]
[BlackElo "1730"]
[PlyCount "79"]
[EventDate "2007.05.26"]
[EventType "swiss"]
[EventRounds "9"]
[EventCountry "POL"]
[SourceTitle "EXT 2023"]
[Source "ChessBase"]
[SourceDate "2022.10.05"]
[SourceVersion "1"]
[SourceVersionDate "2022.10.05"]
[SourceQuality "1"]

1. e4 e5 2. Nc3 Nf6 3. f4 d5 4. fxe5 Nxe4 5. Nf3 Nxc3 6. dxc3 Be7 7. Bd3 Bg4 8. Bf4 h6 9. Qd2 Bh4+ 10. Nxh4 Qxh4+ 11. Bg3 Qh5 12. h3 Nd7 13. 0-0 Be6 14. Be2 Qg6 15. Kh2 Nc5 16. Bd3 Ne4 17. Qe3 Qxg3+ 18. Qxg3 Nxg3 19. Kxg3 c5 20. Bb5+ Ke7 21. Bd3 c4 22. Be2 g5 23. Kf3 h5 24. Ke3 Rag8 25. Rf6 h4 26. Raf1 Rg6 27. Kd4 Rxf6 28. Rxf6 Rg8 29. Bf3 Rg6 30. Rxg6 fxg6 31. Bxd5 b5 32. Bc6 g4 33. hxg4 Bxg4 34. Bxb5 Be2 35. Bc6 g5 36. Ke3 Bd1 37. Bd5 Bxc2 38. Bxc4 g4 39. Kf4 Bd1 40. Bd5 1-0

[Event "POL-ch disabled"]
[Site "Chotowa"]
[Date "2007.05.29"]
[Round "6.5"]
[White "Gigon, Stanislaw"]
[Black "Olszewski, Jerzy"]
[Result "0-1"]
[WhiteElo "2014"]
[BlackElo "1946"]
[PlyCount "88"]
[EventDate "2007.05.26"]
[EventType "swiss"]
[EventRounds "9"]
[EventCountry "POL"]
[SourceTitle "EXT 2023"]
[Source "ChessBase"]
[SourceDate "2022.10.05"]
[SourceVersion "1"]
[SourceVersionDate "2022.10.05"]
[SourceQuality "1"]

1. e4 e5 2. Nf3 Nc6 3. d4 exd4 4. Nxd4 Bc5 5. Nb3 Bb6 6. Nc3 d6 7. Bc4 Ne5 8. Be2 Ne7 9. Bg5 h6 10. Bh4 Bd7 11. Nd5 N5g6 12. Nxb6 axb6 13. Bg3 Ne5 14. f4 N5c6 15. 0-0 Ng6 16. a3 0-0 17. Qd5 Nce7 18. Qd3 Nc6 19. Rad1 Bc8 20. Nd2 Qe8 21. Nf3 Bg4 22. h3 Bxf3 23. Bxf3 Ra4 24. c3 Qe7 25. Rde1 Re8 26. Bd1 Rxe4 27. Bc2 Rxe1 28. Rxe1 Qd8 29. Rxe8+ Qxe8 30. h4 Qc8 31. h5 Nf8 32. b4 Nb8 33. Qf3 Nfd7 34. Be4 Nc6 35. Bh4 Nf8 36. Kh2 Qe8 37. Bf2 Nd8 38. Qe3 f5 39. Bxf5 Qxh5+ 40. Bh3 Qf7 41. f5 Nd7 42. Bh4 Nf6 43. a4 Nc6 44. g3 Kf8 0-1

[Event "IPCA Wch-B 8th"]
[Site "Wisla"]
[Date "2007.05.22"]
[Round "8"]
[White "Gigon, Stanislaw"]
[Black "Noga, Jozef"]
[Result "1-0"]
[WhiteElo "2014"]
[BlackElo "2061"]
[PlyCount "81"]
[EventDate "2007.05.15"]
[EventType "swiss"]
[EventRounds "9"]
[EventCountry "POL"]
[SourceTitle "EXT 2011"]
[Source "ChessBase"]
[SourceDate "2010.11.26"]
[SourceVersion "1"]
[SourceVersionDate "2010.11.26"]
[SourceQuality "1"]

1. e4 d5 2. exd5 Qxd5 3. Nc3 Qd6 4. d4 Nf6 5. Nge2 e6 6. Bf4 Qb6 7. Na4 Qa5+ 8. Nac3 Bd6 9. Bd2 Qh5 10. Ng3 Bxg3 11. fxg3 Qxd1+ 12. Rxd1 0-0 13. Bc4 c6 14. a4 Nbd7 15. 0-0 b6 16. b4 Bb7 17. Bf4 Nd5 18. Ne4 Nxf4 19. Rxf4 a5 20. Nd6 Ba6 21. b5 cxb5 22. axb5 Bc8 23. Rdf1 Nf6 24. g4 h6 25. h4 Ra7 26. g5 hxg5 27. hxg5 Nd5 28. Rh4 Ne3 29. Rf3 Rd8 30. Rfh3 Kf8 31. Nxc8 Rxc8 32. Rh8+ Ke7 33. Rxc8 Kd7 34. Rc6 Nf5 35. Rd3 Rb7 36. g4 Ne7 37. d5 e5 38. Rf3 Ke8 39. d6 Ng6 40. Rc7 Rb8 41. Bxf7+ 1-0

[Event "IPCA Wch-B 8th"]
[Site "Wisla"]
[Date "2007.05.19"]
[Round "5"]
[White "Gigon, Stanislaw"]
[Black "Kozlowski, Tomasz"]
[Result "1-0"]
[WhiteElo "2014"]
[BlackElo "2034"]
[PlyCount "65"]
[EventDate "2007.05.15"]
[EventType "swiss"]
[EventRounds "9"]
[EventCountry "POL"]
[SourceTitle "EXT 2011"]
[Source "ChessBase"]
[SourceDate "2010.11.26"]
[SourceVersion "1"]
[SourceVersionDate "2010.11.26"]
[SourceQuality "1"]

1. e4 e5 2. Nf3 Nc6 3. d4 exd4 4. Nxd4 Be7 5. Bc4 Nf6 6. Nc3 0-0 7. 0-0 Ne5 8. Bb3 d6 9. f4 Ng6 10. h3 a6 11. a4 Bd7 12. Be3 c5 13. Nf5 Bc6 14. Qd3 Qd7 15. Rad1 Rad8 16. g4 h5 17. e5 dxe5 18. Qxd7 Nxd7 19. Nxe7+ Nxe7 20. fxe5 hxg4 21. e6 gxh3 22. exd7 Ng6 23. Bxc5 Ne5 24. Bxf8 Kxf8 25. Bd5 Bxd7 26. Rde1 h2+ 27. Kxh2 Ng4+ 28. Kg3 f5 29. Ne4 g6 30. Ng5 Kg7 31. Kf4 Re8 32. Rxe8 Bxe8 33. a5 1-0

[Event "Wisla Fianchetto op 5th"]
[Site "Wisla"]
[Date "2000.10.14"]
[Round "9.10"]
[White "Niecko, Stanislaw"]
[Black "Gigon, Stanislaw"]
[Result "0-1"]
[WhiteElo "2000"]
[BlackElo "2040"]
[PlyCount "60"]
[EventDate "2000.10.??"]
[EventType "swiss"]
[EventRounds "11"]
[EventCountry "POL"]
[SourceTitle "EXT 2005"]
[Source "ChessBase"]
[SourceDate "2004.11.15"]
[SourceVersion "1"]
[SourceVersionDate "2004.11.15"]
[SourceQuality "1"]

1. c4 c5 2. Nc3 Nc6 3. g3 e5 4. Bg2 g6 5. e4 Bg7 6. Nge2 Nge7 7. 0-0 d6 8. d3 Be6 9. Be3 Qd7 10. a3 0-0 11. Qd2 a6 12. b4 cxb4 13. axb4 Nxb4 14. Na4 Nec6 15. Nb6 Qc7 16. Nxa8 Rxa8 17. Rfb1 a5 18. Rxb4 Nxb4 19. Qxb4 axb4 20. Rxa8+ Bc8 21. Bh3 f5 22. exf5 Bf8 23. fxg6 Bxh3 24. Bh6 hxg6 25. Rxf8+ Kh7 26. Be3 Kg7 27. Bh6+ Kh7 28. Be3 Qc6 29. f3 Kg7 30. Bh6+ Kxh6 0-1

[Event "Wisla Fianchetto op 5th"]
[Site "Wisla"]
[Date "2000.10.10"]
[Round "5.9"]
[White "Salamon, Jan"]
[Black "Gigon, Stanislaw"]
[Result "1-0"]
[WhiteElo "2000"]
[BlackElo "2040"]
[PlyCount "83"]
[EventDate "2000.10.??"]
[EventType "swiss"]
[EventRounds "11"]
[EventCountry "POL"]
[SourceTitle "EXT 2005"]
[Source "ChessBase"]
[SourceDate "2004.11.15"]
[SourceVersion "1"]
[SourceVersionDate "2004.11.15"]
[SourceQuality "1"]

1. Nf3 c5 2. c4 Nc6 3. Nc3 e5 4. d3 g6 5. g3 Bg7 6. Bg2 Nge7 7. 0-0 d6 8. h3 0-0 9. Kh2 Be6 10. Rb1 d5 11. cxd5 Nxd5 12. Ng5 Nxc3 13. bxc3 Bd5 14. Ne4 f5 15. c4 fxe4 16. cxd5 Qxd5 17. Bxe4 Qxa2 18. Rxb7 Nb4 19. Qd2 Qxd2 20. Bxd2 a5 21. Rb5 Ra7 22. Rxc5 Re8 23. Ra1 Ree7 24. Raxa5 Rxa5 25. Rxa5 Nc2 26. Bd5+ Kf8 27. Ra6 Re8 28. Ra7 Re7 29. Ra2 Rc7 30. Bb3 Nd4 31. Bb4+ Ke8 32. Ra8+ Kd7 33. Ba4+ Ke6 34. e3 Rb7 35. Ra6+ Kf7 36. Ba3 Nf3+ 37. Kg2 Ne1+ 38. Kf1 Nxd3 39. Bc6 Rc7 40. Bd6 Rc8 41. Ke2 Rd8 42. Bd5+ 1-0